[Event "46th Bosna it"]
[Site "Sarajevo BIH"]
[Date "2016.05.28"]
[Round "1.43"]
[White "Johnen, Franz"]
[Black "Michalicka, Milan"]
[Result "0-1"]
[WhiteElo "1693"]
[BlackElo "2164"]
[EventDate "2016.05.28"]
[PlyCount "69"]

1.d4 g6 2.Nf3 Bg7 3.e3 c5 4.c3 b6 5.Be2 Bb7 6.O-O Nf6 7.h3 O-O 8.b3 d5 9.
Bb2 Nbd7 10.Nbd2 Qc7 11.Rc1 Rfd8 12.Qc2 Rac8 13.Rfd1 cxd4 14.Nxd4 e5 15.
Nb5 Qb8 16.a4 a6 17.Na3 d4 18.exd4 exd4 19.c4 Nc5 20.Bf3 d3 21.Qb1 Bxf3 
22.Bxf6 Bxd1 23.Bxd8 Bc2 24.Nxc2 dxc2 25.Qxc2 Rxd8 26.Re1 Qd6 27.Ne4 Nxe4 
28.Qxe4 Qd2 29.Re3 Qd1+ 30.Kh2 Qd4 31.Qe7 Bf8 32.Qb7 Qf4+ 33.Rg3 Qxf2 34.
Qc7 Rd1 35.h4 0-1

[Event "46th Bosna it"]
[Site "Sarajevo BIH"]
[Date "2016.05.28"]
[Round "1.44"]
[White "Maksimovic, Bojan"]
[Black "Strinic, Hamdija"]
[Result "1-0"]
[WhiteElo "2161"]
[BlackElo "1689"]
[EventDate "2016.05.28"]
[PlyCount "107"]

1.e4 e5 2.Nf3 Nc6 3.Bb5 Nf6 4.O-O Be7 5.Re1 Nd4 6.Nxd4 exd4 7.e5 Nd5 8.Qg4
O-O 9.Qxd4 c6 10.Bc4 Nb6 11.Bb3 d5 12.exd6 Bxd6 13.Qe4 Qf6 14.d3 Bd7 15.
Be3 Rae8 16.Qf3 Qg6 17.h3 Kh8 18.Nd2 f5 19.Bf4 Bc5 20.c3 Nd5 21.Bxd5 cxd5 
22.d4 Bd6 23.Qg3 Bxf4 24.Qxf4 h6 25.Re5 Rxe5 26.dxe5 Qb6 27.Nb3 a5 28.Qd4 
Qc7 29.Qxd5 f4 30.Qd6 Qc8 31.Rd1 Bc6 32.Nc5 Qf5 33.Ne6 Re8 34.Nd4 Qh5 35.
Nxc6 bxc6 36.Rd3 Rxe5 37.Qf8+ Kh7 38.Qxf4 Re6 39.Kh2 Qg6 40.Rg3 Qb1 41.Qf7
Rg6 42.Rxg6 Qxg6 43.Qxg6+ Kxg6 44.g4 Kf6 45.Kg3 Ke5 46.Kf3 Kd5 47.Ke3 a4 
48.f4 Kc4 49.Kd2 Kd5 50.Kd3 c5 51.c4+ Ke6 52.b3 a3 53.Kc3 h5 54.b4 1-0

[Event "46th Bosna it"]
[Site "Sarajevo BIH"]
[Date "2016.05.28"]
[Round "1.45"]
[White "Krug, Franz-Dieter"]
[Black "Sinanovic, Ermin"]
[Result "0-1"]
[WhiteElo "1680"]
[BlackElo "2153"]
[EventDate "2016.05.28"]
[PlyCount "68"]

1.d4 Nf6 2.c4 e5 3.e3 exd4 4.exd4 Bb4+ 5.Bd2 Bxd2+ 6.Nxd2 O-O 7.Bd3 d5 8.
Ne2 Nc6 9.c5 Re8 10.O-O Bg4 11.f3 Bh5 12.Nf4 Nxd4 13.Nxh5 Nxh5 14.Nb3 Ne6 
15.Qc2 h6 16.Rae1 c6 17.Bf5 Qf6 18.g3 Nd4 19.Nxd4 Qxd4+ 20.Qf2 Qf6 21.Bg4 
Qg5 22.h4 Qg6 23.Kh2 Nf6 24.Bh3 Qd3 25.Rxe8+ Rxe8 26.Re1 Rxe1 27.Qxe1 Qxf3
28.Bg2 Ng4+ 29.Kh3 Qf5 30.Qe2 h5 31.Bf3 Ne5+ 32.Kg2 Qxf3+ 33.Qxf3 Nxf3 34.
Kxf3 f6 0-1

[Event "46th Bosna it"]
[Site "Sarajevo BIH"]
[Date "2016.05.28"]
[Round "1.46"]
[White "Aleksic, Neven"]
[Black "Sabanagic, Mirza"]
[Result "1-0"]
[WhiteElo "2146"]
[BlackElo "1612"]
[EventDate "2016.05.28"]
[PlyCount "41"]

1.d4 Nf6 2.c4 e6 3.Nf3 b6 4.g3 Bb7 5.Bg2 Be7 6.O-O O-O 7.Nc3 d5 8.Ne5 Nbd7
9.Qa4 Nxe5 10.dxe5 Nd7 11.cxd5 Nc5 12.Qd4 exd5 13.Nxd5 Ne6 14.Qc4 c6 15.
Nf4 Nxf4 16.Bxf4 b5 17.Qb3 a5 18.e6 f5 19.a4 b4 20.Rfd1 Qe8 21.Rd7 1-0

[Event "46th Bosna it"]
[Site "Sarajevo BIH"]
[Date "2016.05.28"]
[Round "1.47"]
[White "Kocanovic, Armin"]
[Black "Schettler, Juergen"]
[Result "0-1"]
[WhiteElo "1592"]
[BlackElo "2139"]
[EventDate "2016.05.28"]
[PlyCount "119"]

1.d4 Nf6 2.c4 d6 3.Nc3 e5 4.dxe5 dxe5 5.Qxd8+ Kxd8 6.Bg5 c6 7.Nf3 Nd7 8.
O-O-O Kc7 9.Bh4 Bb4 10.Ng5 Bxc3 11.Nxf7 Rf8 12.Ng5 Bb4 13.a3 Be7 14.Ne6+ 
Kb8 15.Nxf8 Nxf8 16.Bg3 Ng6 17.h4 Ne4 18.Rd3 Nxg3 19.Rxg3 Bf6 20.h5 Ne7 
21.h6 g6 22.e4 Kc7 23.Rf3 Ng8 24.Kc2 Be6 25.g3 Rd8 26.b3 Bg5 27.Bh3 Bxh3 
28.Rxh3 Nxh6 29.b4 Rd7 30.Rd3 Rf7 31.f3 Ng8 32.Rh1 h5 33.c5 Be7 34.Kb3 Nf6
35.Kc2 g5 36.Kd2 Rh7 37.Ke2 Rh8 38.Kf2 Rd8 39.Rxd8 Kxd8 40.Ke3 Kd7 41.f4 
exf4+ 42.gxf4 gxf4+ 43.Kxf4 Ke6 44.Rh3 Bd8 45.a4 Bc7+ 46.Kg5 Be5 47.Rd3 a5
48.bxa5 Nxe4+ 49.Kxh5 Nxc5 50.Rd1 Nxa4 51.Rb1 Nc5 52.Rb6 Kd7 53.Rb1 Kc7 
54.a6 bxa6 55.Kg5 Kd6 56.Rd1+ Ke6 57.Kg4 Ne4 58.Kf3 Nc5 59.Ke3 a5 60.Kd2 
0-1

[Event "46th Bosna it"]
[Site "Sarajevo BIH"]
[Date "2016.05.28"]
[Round "1.48"]
[White "Zildzic, Kenan"]
[Black "Maric, Vedran"]
[Result "1-0"]
[WhiteElo "2135"]
[BlackElo "1588"]
[EventDate "2016.05.28"]
[PlyCount "53"]

1.e4 c5 2.Nc3 d6 3.g3 Nf6 4.Bg2 e5 5.d3 Be7 6.f4 O-O 7.f5 Nc6 8.g4 Nd7 9.
Nf3 Bh4+ 10.Kf1 Nd4 11.Be3 Nxf3 12.Bxf3 g6 13.Rg1 Kh8 14.Qd2 Rg8 15.Ke2 b6
16.g5 f6 17.fxg6 Rxg6 18.gxf6 Qxf6 19.Nd5 Qg7 20.Rxg6 hxg6 21.Bg5 Qh7 22.
Rg1 Bb7 23.Bxh4 Qxh4 24.Rxg6 Qxh2+ 25.Rg2 Qh4 26.Ne3 Rg8 27.Ng4 1-0

[Event "46th Bosna it"]
[Site "Sarajevo BIH"]
[Date "2016.05.28"]
[Round "1.49"]
[White "Tutic, Amina"]
[Black "Kolaric, Spela"]
[Result "0-1"]
[WhiteElo "1511"]
[BlackElo "2116"]
[EventDate "2016.05.28"]
[PlyCount "25"]

1.e4 c5 2.Nf3 e6 3.c4 a6 4.d4 cxd4 5.Nxd4 Nf6 6.Nc3 Qc7 7.a4 Bb4 8.Qd3 d6 
9.Bd2 Nbd7 10.Be2 O-O 11.f3 Ne5 12.Qe3 Nxc4 13.Nc2 0-1

[Event "46th Bosna it"]
[Site "Sarajevo BIH"]
[Date "2016.05.28"]
[Round "1.50"]
[White "Slamar, Velimir"]
[Black "Grgic, Anto"]
[Result "1-0"]
[WhiteElo "2115"]
[BlackElo "1404"]
[EventDate "2016.05.28"]
[PlyCount "71"]

1.Nf3 d5 2.c4 c6 3.d4 e6 4.Nc3 Bb4 5.e3 Nf6 6.Bd2 Na6 7.Bd3 Bd6 8.O-O h6 
9.Rc1 dxc4 10.Bxc4 b5 11.Bd3 Nc7 12.e4 Bb4 13.Bf4 Ba5 14.Qe2 a6 15.Rfd1 
Bb7 16.Bg3 Bb6 17.e5 Nfd5 18.Ne4 O-O 19.Nd6 Qb8 20.Qe4 f5 21.exf6 Nxf6 22.
Qg6 Ncd5 23.Nf5 Qxg3 24.hxg3 exf5 25.Bxf5 Ne7 26.Be6+ Kh8 27.Qc2 Rad8 28.
Ne5 Nfd5 29.Nf7+ Rxf7 30.Bxf7 Nf6 31.Qe2 Nf5 32.Bg6 Nxd4 33.Rxd4 Rxd4 34.
Qe7 Rd7 35.Qf8+ Ng8 36.Be4 1-0

[Event "46th Bosna it"]
[Site "Sarajevo BIH"]
[Date "2016.05.28"]
[Round "1.51"]
[White "Sinik, Yagmur"]
[Black "Mrndjic, Armin"]
[Result "0-1"]
[WhiteElo "1394"]
[BlackElo "2112"]
[EventDate "2016.05.28"]
[PlyCount "98"]

1.e4 d6 2.d4 Nf6 3.Nc3 e5 4.Nf3 Nbd7 5.Bd3 Be7 6.h3 O-O 7.Be3 c6 8.Qd2 b5 
9.O-O Bb7 10.b4 Re8 11.dxe5 dxe5 12.a3 a5 13.Ne2 c5 14.Bxb5 cxb4 15.Rfd1 
Qc7 16.Bxd7 Red8 17.Ng3 Rxd7 18.Qc1 Rxd1+ 19.Qxd1 Nxe4 20.axb4 Nxg3 21.
fxg3 Bxb4 22.Bf2 f6 23.Qb1 Rc8 24.Qb3+ Qc4 25.Qxc4+ Rxc4 26.Rd1 Bxf3 27.
gxf3 Rxc2 28.Rd8+ Kf7 29.Rd7+ Kg6 30.h4 h5 31.g4 hxg4 32.fxg4 Rc4 33.h5+ 
Kh7 34.g5 Rg4+ 35.Kf1 Rxg5 36.h6 f5 37.Bh4 Rg6 38.hxg7 Rxg7 39.Rd5 Rg4 40.
Bf6 Rf4+ 41.Kg2 e4 42.Be5 Rg4+ 43.Kh3 e3 44.Rd7+ Kh6 45.Rd8 e2 46.Rh8+ Kg6
47.Rg8+ Kf7 48.Rxg4 fxg4+ 49.Kxg4 e1=Q 0-1

[Event "46th Bosna it"]
[Site "Sarajevo BIH"]
[Date "2016.05.28"]
[Round "1.52"]
[White "Sadikovic, Jasmin"]
[Black "Fejzic, Danis"]
[Result "1-0"]
[WhiteElo "2106"]
[BlackElo "1373"]
[EventDate "2016.05.28"]
[PlyCount "49"]

1.e4 d6 2.d4 Nf6 3.Nc3 g6 4.f4 Bg7 5.e5 dxe5 6.fxe5 Nd5 7.Bc4 Nxc3 8.bxc3 
O-O 9.Nf3 Nc6 10.O-O Bf5 11.Nh4 Be4 12.Qe2 Bd5 13.Bd3 a6 14.Be3 b5 15.a4 
e6 16.g3 g5 17.Nf3 Bxf3 18.Qxf3 Na7 19.Qe4 f5 20.exf6 Rxf6 21.Qxh7+ Kf8 
22.Rxf6+ Bxf6 23.Rf1 Ke8 24.Bg6+ Kf8 25.Qf7# 1-0

[Event "46th Bosna it"]
[Site "Sarajevo BIH"]
[Date "2016.05.28"]
[Round "1.53"]
[White "Lipovcic, Marko"]
[Black "Alihodzic, Muzafer"]
[Result "0-1"]
[WhiteElo "1281"]
[BlackElo "2094"]
[EventDate "2016.05.28"]
[PlyCount "54"]

1.e4 c6 2.d4 d5 3.exd5 cxd5 4.c4 Nf6 5.Nc3 g6 6.Nf3 Bg7 7.h3 O-O 8.Bd3 
dxc4 9.Bxc4 a6 10.a4 Nbd7 11.O-O b6 12.Bf4 Bb7 13.d5 Rc8 14.Ba2 b5 15.axb5
axb5 16.Re1 b4 17.Na4 Re8 18.Qb3 Qa5 19.d6 e6 20.Bd2 Bc6 21.Bb1 Ra8 22.
Bxb4 Bxa4 23.Bxa5 Bxb3 24.Re3 Reb8 25.Ra3 Bd5 26.b4 Bf8 27.Ba2 Bxd6 0-1

[Event "46th Bosna it"]
[Site "Sarajevo BIH"]
[Date "2016.05.29"]
[Round "2.13"]
[White "Schettler, Juergen"]
[Black "Drasko, Milan"]
[Result "0-1"]
[WhiteElo "2139"]
[BlackElo "2440"]
[EventDate "2016.05.28"]
[PlyCount "56"]

1.Nf3 Nf6 2.g3 d5 3.Bg2 c6 4.O-O Bg4 5.d3 Nbd7 6.Nbd2 e5 7.e4 Bd6 8.h3 Bh5
9.c3 O-O 10.Qc2 Re8 11.Re1 a5 12.a4 Qc7 13.Nf1 Rad8 14.Ne3 Nc5 15.Nh4 dxe4
16.dxe4 Bf8 17.g4 Bg6 18.Nxg6 hxg6 19.Bf1 Ncxe4 20.Bc4 Ng5 21.Kg2 e4 22.h4
Nf3 23.Rh1 Qd7 24.Qb3 Bc5 25.h5 Bxe3 26.hxg6 Qxg4+ 27.Kf1 Nh2+ 28.Ke1 
Bxf2+ 0-1

[Event "46th Bosna it"]
[Site "Sarajevo BIH"]
[Date "2016.05.29"]
[Round "2.14"]
[White "Drazic, Sinisa"]
[Black "Aleksic, Neven"]
[Result "1/2-1/2"]
[WhiteElo "2422"]
[BlackElo "2146"]
[EventDate "2016.05.28"]
[PlyCount "42"]

1.d4 Nf6 2.c4 e6 3.Nf3 Bb4+ 4.Nfd2 b6 5.a3 Bxd2+ 6.Bxd2 Ba6 7.Qc2 d5 8.
cxd5 Qxd5 9.e3 Bxf1 10.Kxf1 O-O 11.f3 Nbd7 12.Bc3 c5 13.e4 Qc6 14.dxc5 
Nxc5 15.Bxf6 gxf6 16.Nc3 Rfd8 17.Rd1 Na4 18.Kf2 Qc5+ 19.Kg3 Qg5+ 20.Kh3 
Qh5+ 21.Kg3 Qg4+ 1/2-1/2

[Event "46th Bosna it"]
[Site "Sarajevo BIH"]
[Date "2016.05.29"]
[Round "2.15"]
[White "Kolaric, Spela"]
[Black "Nikcevic, Nebojsa"]
[Result "0-1"]
[WhiteElo "2116"]
[BlackElo "2416"]
[EventDate "2016.05.28"]
[PlyCount "54"]

1.d4 d5 2.c4 dxc4 3.e3 e5 4.Bxc4 exd4 5.exd4 Nf6 6.Nf3 Be7 7.O-O O-O 8.Ne5
Nbd7 9.Qb3 Nxe5 10.dxe5 Ne4 11.Be3 Bc5 12.e6 fxe6 13.Bxe6+ Kh8 14.Bxc8 
Qxc8 15.Bxc5 Nxc5 16.Qc4 Ne6 17.f4 b5 18.Qe4 c5 19.Nd2 c4 20.Kh1 Nc5 21.
Qe3 Qf5 22.Nf3 Rae8 23.Qg1 Nd3 24.g3 Re2 25.b3 c3 26.Qd4 c2 27.Ne1 c1=Q 
0-1

[Event "46th Bosna it"]
[Site "Sarajevo BIH"]
[Date "2016.05.29"]
[Round "2.16"]
[White "Grynszpan, Mariano"]
[Black "Zildzic, Kenan"]
[Result "1-0"]
[WhiteElo "2400"]
[BlackElo "2135"]
[EventDate "2016.05.28"]
[PlyCount "63"]

1.d4 Nf6 2.c4 g6 3.Nc3 Bg7 4.e4 d6 5.Be2 O-O 6.Nf3 e5 7.dxe5 dxe5 8.Qxd8 
Rxd8 9.Bg5 Re8 10.Nd5 Nxd5 11.cxd5 c6 12.Bc4 cxd5 13.Bxd5 Nc6 14.O-O-O Bg4
15.h3 Bxf3 16.gxf3 Nd4 17.Kb1 Rac8 18.Bxb7 Rc7 19.Bd5 Nxf3 20.Be3 Rec8 21.
Rc1 Nd4 22.Rxc7 Rxc7 23.Rc1 Rxc1+ 24.Kxc1 Kf8 25.Kd2 f5 26.exf5 gxf5 27.
Kd3 Ke7 28.Kc4 f4 29.Bd2 Kd7 30.Bb4 Kc7 31.Be4 Nc6 32.Bc5 1-0

[Event "46th Bosna it"]
[Site "Sarajevo BIH"]
[Date "2016.05.29"]
[Round "2.17"]
[White "Mrndjic, Armin"]
[Black "Jakovljevic, Vlado"]
[Result "1/2-1/2"]
[WhiteElo "2112"]
[BlackElo "2395"]
[EventDate "2016.05.28"]
[PlyCount "105"]

1.e4 c5 2.Nf3 d6 3.d4 cxd4 4.Nxd4 Nf6 5.Nc3 a6 6.Be2 e6 7.Be3 Be7 8.Qd2 
O-O 9.O-O-O Nc6 10.f4 Qc7 11.Nxc6 bxc6 12.g4 d5 13.g5 Nxe4 14.Nxe4 dxe4 
15.Qc3 c5 16.h4 Qb6 17.a3 Rb8 18.h5 f6 19.Bc4 fxg5 20.fxg5 Rf3 21.Rhg1 
Rxe3 22.Qxe3 Qxb2+ 23.Kd2 Qd4+ 24.Qxd4 cxd4 25.Rb1 Bxg5+ 26.Ke2 Bf4 27.
Rxb8 Bxb8 28.Rg4 Kf8 29.Rxe4 e5 30.Rh4 Ke7 31.Bd3 Bd6 32.a4 h6 33.Kf3 Bd7 
34.Bxa6 Bxa4 35.Bd3 Be8 36.Be4 Kf6 37.Rh1 Kg5 38.Rg1+ Kf6 39.Kg4 Bd7+ 40.
Kh4 Be7 41.Rf1+ Ke6+ 42.Kg3 Kd6 43.Ra1 Bb5 44.Kf3 Kc5 45.Ra5 Kb6 46.Ra8 
Bf6 47.Rb8+ Kc5 48.Rc8+ Kd6 49.Ra8 Kc5 50.Rc8+ Kd6 51.Ra8 Kc5 52.Rc8+ Kd6 
53.Ra8 1/2-1/2

[Event "46th Bosna it"]
[Site "Sarajevo BIH"]
[Date "2016.05.29"]
[Round "2.18"]
[White "Plenca, Jadranko"]
[Black "Slamar, Velimir"]
[Result "0-1"]
[WhiteElo "2390"]
[BlackElo "2115"]
[EventDate "2016.05.28"]
[PlyCount "64"]

1.e4 c6 2.d4 d5 3.e5 Bf5 4.h4 h5 5.Bd3 Bxd3 6.Qxd3 e6 7.Bg5 Qa5+ 8.Nd2 Qa6
9.Qf3 Nd7 10.Ne2 f6 11.Bf4 O-O-O 12.O-O g5 13.hxg5 fxg5 14.Bxg5 Be7 15.
Bxe7 Nxe7 16.c4 Rdf8 17.Qc3 Rhg8 18.b4 dxc4 19.Nxc4 Nb6 20.b5 Qa4 21.Nd6+ 
Kb8 22.Rfc1 Nbd5 23.Qh3 cxb5 24.Qxe6 b4 25.Qh6 Qd7 26.Ng3 Qg4 27.Nde4 h4 
28.f3 Qf4 29.Qxf4 Nxf4 30.Nf1 Rxg2+ 31.Kh1 Nf5 32.Nf6 Rh8 0-1

[Event "46th Bosna it"]
[Site "Sarajevo BIH"]
[Date "2016.05.29"]
[Round "2.19"]
[White "Alihodzic, Muzafer"]
[Black "Nestorovic, Dejan"]
[Result "0-1"]
[WhiteElo "2094"]
[BlackElo "2387"]
[EventDate "2016.05.28"]
[PlyCount "120"]

1.e4 c5 2.Nc3 e6 3.d3 Nc6 4.g3 Nge7 5.Bg2 d5 6.f4 g6 7.Nf3 Bg7 8.O-O O-O 
9.Re1 b6 10.Bd2 Bb7 11.Rb1 Qd7 12.e5 Rac8 13.Rc1 Nd4 14.Be3 Nxc2 15.Qxc2 
d4 16.Bf2 dxc3 17.bxc3 Rfd8 18.Red1 Bc6 19.Qe2 Qb7 20.c4 Rd7 21.Rb1 Qa8 
22.g4 Bb7 23.Rb3 Bh6 24.Be3 Rcd8 25.Rd2 Nc6 26.Kf2 Bg7 27.g5 Ne7 28.Bh3 
Bxf3 29.Qxf3 Qxf3+ 30.Kxf3 h6 31.gxh6 Bxh6 32.Ke2 Nc6 33.Rc3 Nd4+ 34.Kf2 
Kf8 35.a4 Ke7 36.Bg4 Rg8 37.h4 Nf5 38.Bxf5 gxf5 39.Kf3 Rg4 40.Rh2 f6 41.
exf6+ Kxf6 42.a5 bxa5 43.Ra3 a4 44.Rf2 Rxh4 45.Ke2 Rb7 46.Rxa4 Bf8 47.Bd2 
Bd6 48.Ra6 Rd7 49.Bc3+ Kg6 50.Bd2 Kf7 51.Be3 Be7 52.Kd2 Rh3 53.Re2 Bf6 54.
Bxc5 Rdxd3+ 55.Ke1 Rh1+ 56.Kf2 Rh2+ 57.Kf1 Rd1+ 58.Re1 Rh1+ 59.Bg1 Rxg1+ 
60.Kxg1 Rxe1+ 0-1

[Event "46th Bosna it"]
[Site "Sarajevo BIH"]
[Date "2016.05.29"]
[Round "2.21"]
[White "Burovic, Rijad"]
[Black "Sadikovic, Jasmin"]
[Result "0-1"]
[WhiteElo "2347"]
[BlackElo "2106"]
[EventDate "2016.05.28"]
[PlyCount "112"]

1.e4 c5 2.d3 e6 3.g3 d5 4.Nd2 Nc6 5.Bg2 Nf6 6.Ngf3 Be7 7.O-O O-O 8.e5 Nd7 
9.Re1 Qc7 10.Qe2 b5 11.Nf1 Nb6 12.h4 Bb7 13.N1h2 d4 14.Ng5 Bxg5 15.hxg5 
Ne7 16.Qh5 Ng6 17.Ng4 Rfd8 18.Nf6+ Kf8 19.Qxh7 Ke7 20.Qxg7 Bxg2 21.Kxg2 
Qc6+ 22.Ne4 Nd7 23.f4 Rg8 24.Qh6 Rh8 25.Kf2 Rxh6 26.gxh6 Rh8 27.Bd2 Rxh6 
28.f5 Ngxe5 29.Bg5+ f6 30.Bxh6 Ng4+ 31.Kg1 Nxh6 32.fxe6 Ne5 33.Rf1 Nhg4 
34.Rf5 Qxe6 35.Raf1 c4 36.Rh5 cxd3 37.cxd3 Qxa2 38.Nxf6 Nxf6 39.Rxe5+ Kd6 
40.Rxb5 Qe6 41.Rbf5 Qe3+ 42.Kg2 Nd5 43.R5f3 Qd2+ 44.Kh3 Qh6+ 45.Kg2 Ne3+ 
46.Rxe3 dxe3 47.Kf3 Kd5 48.Ke2 Qh2+ 49.Kxe3 Qxg3+ 50.Ke2 Qe5+ 51.Kf3 Qxb2 
52.Rh1 Qf6+ 53.Ke2 Kd4 54.Rh7 Qe6+ 55.Kd1 Kxd3 56.Rh2 Qg4+ 0-1

[Event "46th Bosna it"]
[Site "Sarajevo BIH"]
[Date "2016.05.29"]
[Round "2.22"]
[White "Sesar, Ivan"]
[Black "Lekic, Dusan"]
[Result "0-1"]
[WhiteElo "2077"]
[BlackElo "2345"]
[EventDate "2016.05.28"]
[PlyCount "78"]

1.d4 Nf6 2.Nf3 d5 3.c4 c6 4.g3 Bf5 5.Bg2 e6 6.O-O h6 7.Qb3 Qb6 8.c5 Qa6 9.
Re1 b6 10.Bf1 Qb7 11.a4 Nbd7 12.a5 Be7 13.Nc3 O-O 14.Bf4 g5 15.Bd2 Rab8 
16.cxb6 axb6 17.a6 Qc7 18.Rec1 b5 19.e3 Qb6 20.Nd1 b4 21.a7 Ra8 22.Ra6 Qb7
23.Qa4 Rfc8 24.h3 Rc7 25.Ra1 Ne4 26.Be1 Nb6 27.Qa5 Nc8 28.g4 Bh7 29.Ne5 
Rxa7 30.Nd3 Rxa6 31.Qxa6 Qb8 32.Rc1 c5 33.dxc5 Nxc5 34.Nxc5 Rxc5 35.Rxc5 
Bxc5 36.Qc6 Bf8 37.Qe8 Qb7 38.Ba6 Qxa6 39.Bxb4 Nd6 0-1

[Event "46th Bosna it"]
[Site "Sarajevo BIH"]
[Date "2016.05.29"]
[Round "2.23"]
[White "Trkulja, Goran"]
[Black "Draganovic, Sulejman"]
[Result "1-0"]
[WhiteElo "2320"]
[BlackElo "2082"]
[EventDate "2016.05.28"]
[PlyCount "98"]

1.Nf3 Nf6 2.c4 e6 3.e3 d5 4.Qc2 Nbd7 5.b3 c5 6.Bb2 b6 7.cxd5 exd5 8.d4 Be7
9.Be2 O-O 10.O-O Bb7 11.Nc3 Rc8 12.dxc5 bxc5 13.Rfd1 a6 14.Rac1 Qc7 15.Na4
Rfd8 16.Qf5 Qd6 17.Qb1 h6 18.Nh4 Qe6 19.Nf5 Bf8 20.Ng3 Nb6 21.Nxb6 Qxb6 
22.Qa1 Ne4 23.Nxe4 dxe4 24.Bc4 Qg6 25.Bc3 Kh7 26.Ba5 Rd6 27.Rxd6 Bxd6 28.
Rd1 f5 29.Qc1 Rf8 30.Qd2 Be5 31.Bc3 Qf6 32.Bxe5 Qxe5 33.Qd6 Re8 34.Qxe5 
Rxe5 35.Rd6 h5 36.h4 Re7 37.Bxa6 Bxa6 38.Rxa6 Rc7 39.Ra4 Kh6 40.Rc4 Ra7 
41.Rxc5 Rxa2 42.Rxf5 Rb2 43.Rb5 g6 44.Rb7 Rb1+ 45.Kh2 Rb2 46.Kg3 Rc2 47.b4
Rb2 48.b5 Rc2 49.b6 Rb2 1-0

[Event "46th Bosna it"]
[Site "Sarajevo BIH"]
[Date "2016.05.29"]
[Round "2.24"]
[White "Nezirovic, Ozren"]
[Black "Sutkovic, Damir"]
[Result "1/2-1/2"]
[WhiteElo "2067"]
[BlackElo "2316"]
[EventDate "2016.05.28"]
[PlyCount "122"]

1.e4 c5 2.Nf3 e6 3.b3 Nc6 4.Bb5 Nd4 5.Nxd4 cxd4 6.O-O a6 7.Be2 Bc5 8.d3 
Ne7 9.f4 d5 10.Kh1 O-O 11.Bb2 Bd7 12.Bf3 f5 13.exd5 Nxd5 14.Bxd5 exd5 15.
Nd2 Be8 16.Qf3 Rc8 17.Qf2 Bh5 18.Nf3 Bxf3 19.Qxf3 Bb4 20.Bxd4 Rxc2 21.Rfc1
Rc6 22.Rxc6 bxc6 23.Rc1 Qd7 24.Qf2 Re8 25.h3 Bd6 26.Bc5 Bb8 27.Rg1 Re6 28.
Bd4 Qe7 29.Rc1 h6 30.Bc5 Qe8 31.Rf1 Kh7 32.Bd4 Re2 33.Qg3 Qg6 34.Qf3 Rxa2 
35.g4 fxg4 36.hxg4 Rd2 37.f5 Qd6 38.Rf2 Rxf2 39.Qxf2 Qf4 40.Qxf4 Bxf4 41.
Kg2 Kg8 42.Kf3 Bg5 43.Bc5 Kf7 44.d4 g6 45.fxg6+ Kxg6 46.Ke2 Kf6 47.Kf3 Ke6
48.Ba7 Kd7 49.Ke2 Kc7 50.Bc5 a5 51.Kd3 Kb7 52.Kc3 Ka6 53.Bf8 Kb5 54.Bd6 
Kb6 55.Bf8 Kc7 56.Kd3 Kd7 57.Ke2 Ke8 58.Bc5 Bd8 59.Ke3 Bc7 60.Kf2 Kf7 61.
Ke3 Kf6 1/2-1/2

[Event "46th Bosna it"]
[Site "Sarajevo BIH"]
[Date "2016.05.29"]
[Round "2.25"]
[White "Vajic, Goran"]
[Black "Zlobec, Srdjan"]
[Result "1/2-1/2"]
[WhiteElo "2299"]
[BlackElo "2062"]
[EventDate "2016.05.28"]
[PlyCount "64"]

1.e4 c6 2.d4 d5 3.e5 c5 4.dxc5 e6 5.Be3 Qc7 6.Nf3 Bxc5 7.Bxc5 Qxc5 8.c3 
Bd7 9.Nbd2 Ne7 10.Bd3 Bb5 11.Nb3 Qb6 12.Bxb5+ Qxb5 13.Nfd4 Qb6 14.Qg4 O-O 
15.O-O Nbc6 16.Rae1 a5 17.Re3 a4 18.Nxc6 bxc6 19.Nd4 c5 20.Rg3 g6 21.Nf3 
Nf5 22.Rh3 h6 23.Qf4 h5 24.Nh4 Nxh4 25.Qxh4 Qd8 26.Qf4 Kg7 27.Rd1 f5 28.
exf6+ Rxf6 29.Qe5 Qb8 30.Qe2 Qb6 31.Rg3 Raf8 32.Rf1 Kh7 1/2-1/2

[Event "46th Bosna it"]
[Site "Sarajevo BIH"]
[Date "2016.05.29"]
[Round "2.28"]
[White "Sitnic, Adnan"]
[Black "Kantorik, Marian"]
[Result "0-1"]
[WhiteElo "2046"]
[BlackElo "2285"]
[EventDate "2016.05.28"]
[PlyCount "60"]

1.e4 e5 2.Nc3 Nc6 3.f4 exf4 4.d4 Qh4+ 5.Ke2 b6 6.a4 Ba6+ 7.Nb5 O-O-O 8.Nf3
Qg4 9.d5 Nf6 10.Ke1 Bc5 11.Nd6+ cxd6 12.Bxa6+ Kc7 13.dxc6 Nxe4 14.cxd7 
Qxg2 15.Rf1 Bf2+ 16.Ke2 Rxd7 17.Qd5 Re8 18.Qb7+ Kd8 19.Qa8+ Ke7 20.Qxe4+ 
Kf8 21.Qxe8+ Kxe8 22.Bb5 Kd8 23.Bxf4 Re7+ 24.Be5 Bd4+ 25.Kd3 Bxe5 26.Rae1 
Qg6+ 27.Kd2 Bxb2 28.Rxe7 Kxe7 29.Re1+ Be5 30.Nxe5 Qg5+ 0-1

[Event "46th Bosna it"]
[Site "Sarajevo BIH"]
[Date "2016.05.29"]
[Round "2.29"]
[White "Obad, Andrija"]
[Black "Kurtcehajlic, Suad"]
[Result "1-0"]
[WhiteElo "2279"]
[BlackElo "2044"]
[EventDate "2016.05.28"]
[PlyCount "133"]

1.e4 c6 2.d4 d5 3.Nc3 dxe4 4.Nxe4 Bf5 5.Ng3 Bg6 6.Nh3 e6 7.Nf4 Bd6 8.c3 
Ne7 9.Bc4 Nd5 10.Nxg6 hxg6 11.Ne4 Bf4 12.Bxf4 Nxf4 13.Qf3 Nd5 14.h4 Qc7 
15.g3 Nd7 16.O-O-O N7f6 17.Nc5 O-O-O 18.Rhe1 Rhe8 19.Nd3 Qa5 20.Ne5 Re7 
21.Bb3 Qc7 22.Nd3 Kb8 23.Rd2 Nd7 24.Rde2 N5b6 25.Qe3 Rc8 26.Qg5 Nf6 27.Kb1
Nbd7 28.h5 Nf8 29.hxg6 Nxg6 30.Bxe6 Rce8 31.Bxf7 Rxe2 32.Bxe8 Rxe1+ 33.
Nxe1 Qe7 34.Bxg6 Qxe1+ 35.Kc2 Qxf2+ 36.Kb3 Qe1 37.Bd3 Qe7 38.Kc2 a6 39.
Qf4+ Ka7 40.Qe5 Qf7 41.c4 Nd7 42.Qf5 Qe7 43.Qe4 Qg5 44.Qf5 Qe7 45.a3 Nf6 
46.Qe5 Qd8 47.Kc3 Ka8 48.Bf5 Ka7 49.Qc5+ Ka8 50.Qe5 Ka7 51.g4 g5 52.Qc5+ 
Ka8 53.Qe5 Ka7 54.Kb3 Ne8 55.Qc5+ Qb6+ 56.Qxb6+ Kxb6 57.Kc3 Kc7 58.Kd3 Nf6
59.c5 Kd8 60.b4 Kc7 61.Be6 b5 62.d5 Nxd5 63.Bxd5 cxd5 64.Kd4 Kc6 65.Ke5 a5
66.Kd4 axb4 67.axb4 1-0

[Event "46th Bosna it"]
[Site "Sarajevo BIH"]
[Date "2016.05.29"]
[Round "2.30"]
[White "Mesic, Vehid"]
[Black "Pasalic, Harun"]
[Result "0-1"]
[WhiteElo "2038"]
[BlackElo "2253"]
[EventDate "2016.05.28"]
[PlyCount "126"]

1.e4 c5 2.d4 cxd4 3.c3 Nf6 4.e5 Nd5 5.cxd4 d6 6.Nf3 Nc6 7.Be2 g6 8.O-O Bg7
9.exd6 Qxd6 10.Nc3 O-O 11.Qb3 Be6 12.Qxb7 Rfb8 13.Qa6 Nxd4 14.Qxd6 Nxe2+ 
15.Nxe2 exd6 16.Ned4 Rb4 17.Rd1 Rc8 18.a3 Rbc4 19.Bg5 h6 20.Be3 Bd7 21.
Rab1 f5 22.Ne2 Nxe3 23.fxe3 Rc2 24.Nfd4 R2c4 25.b3 R4c5 26.Nf4 Re8 27.Kf2 
g5 28.Nfe2 Rce5 29.Rd3 Rc8 30.Rc1 Rxc1 31.Nxc1 Rd5 32.Nc2 Rc5 33.Rd2 Be5 
34.Ne2 a5 35.Ncd4 Kf7 36.g3 Kf6 37.Rc2 h5 38.b4 Rxc2 39.Nxc2 a4 40.Ncd4 h4
41.b5 h3 42.Nc3 Ke7 43.Nxa4 f4 44.gxf4 gxf4 45.Nf3 fxe3+ 46.Kxe3 Bg7 47.
Nd4 Kd8 48.Nb6 Bg4 49.Nd5 Bh6+ 50.Nf4 d5 51.Nc6+ Kc7 52.Ne5 Bf5 53.a4 Be4 
54.a5 Bg2 55.Ng6 Kd6 56.Kf2 Be4 57.b6 Kc6 58.Ne5+ Kb7 59.Nxh3 d4 60.Ng4 
Bd2 61.Ke2 Bxa5 62.Ngf2 Bf5 63.Ng5 Bxb6 0-1

[Event "46th Bosna it"]
[Site "Sarajevo BIH"]
[Date "2016.05.29"]
[Round "2.33"]
[White "Nikolic, Predrag"]
[Black "Bryn, Askild"]
[Result "1-0"]
[WhiteElo "2617"]
[BlackElo "1993"]
[EventDate "2016.05.28"]
[PlyCount "83"]

1.d4 d6 2.e4 Nd7 3.Bc4 e6 4.Nf3 c6 5.Bb3 d5 6.e5 c5 7.c3 Ne7 8.O-O Nc6 9.
Re1 Be7 10.Nbd2 g5 11.h3 h5 12.Nf1 cxd4 13.cxd4 g4 14.hxg4 hxg4 15.N3h2 g3
16.Nxg3 Bb4 17.Bd2 Bxd2 18.Qxd2 Nf8 19.Ba4 Bd7 20.Bxc6 Bxc6 21.a4 Ng6 22.
Nf3 Nh4 23.Ng5 Qe7 24.b4 O-O-O 25.b5 Bd7 26.f4 Rdg8 27.Qc3+ Kb8 28.Qa3 Qe8
29.Kf2 Ng6 30.Qe3 Qe7 31.Rh1 f5 32.Nh5 Rc8 33.Nf6 Rc2+ 34.Kg3 Rxh1 35.Rxh1
Bc8 36.Rc1 Qc7 37.Ne8 Qc4 38.Rxc2 Qxc2 39.Qa3 b6 40.Qd6+ Kb7 41.Nf7 Qd3+ 
42.Kh2 1-0

[Event "46th Bosna it"]
[Site "Sarajevo BIH"]
[Date "2016.05.29"]
[Round "2.34"]
[White "Burovic, Ismet"]
[Black "Tuna, Alp"]
[Result "1-0"]
[WhiteElo "2377"]
[BlackElo "2034"]
[EventDate "2016.05.28"]
[PlyCount "107"]

1.e4 c6 2.Nc3 d5 3.Nf3 Nf6 4.e5 Ne4 5.d3 Nxc3 6.bxc3 Bg4 7.h3 Bh5 8.g4 Bg6
9.Rb1 Qc7 10.Qe2 e6 11.Bg2 Be7 12.O-O Nd7 13.Nd4 h5 14.f4 hxg4 15.hxg4 
O-O-O 16.f5 exf5 17.Bf4 Nc5 18.gxf5 Bh5 19.Qd2 Bg4 20.Bg3 g6 21.f6 Bf8 22.
Qf2 Be6 23.Nb3 Nxb3 24.axb3 Qb6 25.Qxb6 axb6 26.Kf2 Bh6 27.Rh1 Bd2 28.c4 
dxc4 29.bxc4 Bc3 30.Rxh8 Rxh8 31.Rh1 Rxh1 32.Bxh1 Bg4 33.Ke3 Bd1 34.d4 Kd7
35.Be4 Bb4 36.Bf4 Bf8 37.Bg5 Bg4 38.d5 Ba3 39.Kd2 Bc5 40.Kc3 Bh5 41.Bh6 
Bg4 42.Kd3 Bh3 43.Ke2 Bd4 44.Bf4 g5 45.Bg3 Bg4+ 46.Kd3 Bc5 47.Be1 Bg1 48.
Bb4 Bh2 49.Bd6 Bh3 50.e6+ Bxe6 51.dxe6+ Kxe6 52.Bxh2 Kxf6 53.Bc7 g4 54.
Bxb6 1-0

[Event "46th Bosna it"]
[Site "Sarajevo BIH"]
[Date "2016.05.29"]
[Round "2.35"]
[White "Kvisvik, Brede"]
[Black "Hamzic, Adil"]
[Result "1-0"]
[WhiteElo "2287"]
[BlackElo "1780"]
[EventDate "2016.05.28"]
[PlyCount "57"]

1.d4 d5 2.Nf3 Nf6 3.c4 c6 4.Nc3 e6 5.Bg5 h6 6.Bxf6 Qxf6 7.Qc2 Bb4 8.a3 
Bxc3+ 9.Qxc3 O-O 10.e3 dxc4 11.Bxc4 b5 12.Be2 Bb7 13.O-O Nd7 14.b4 Rfd8 
15.Rfc1 Nb6 16.Ne5 Rd6 17.Bf3 Na4 18.Qb3 Rc8 19.h3 Qd8 20.Rc2 Qe8 21.Rac1 
a6 22.Nc4 Rdd8 23.Na5 Ba8 24.Bxc6 Bxc6 25.Nxc6 Nb6 26.Nxd8 Rxc2 27.Qxc2 
Qxd8 28.Qc7 Qxc7 29.Rxc7 1-0